| 000 | 00495 a2200193 4500 | ||
|---|---|---|---|
| 005 | 20260205123904.0 | ||
| 008 | 260205b |||||||| |||| 00| 0 eng d | ||
| 020 |
_a9789394384309 _cRs. 1650.00 |
||
| 040 | _aMAIN | ||
| 082 |
_a355.825 _bS13A |
||
| 100 | _aShahi, S N | ||
| 245 | _aAtomic warfare and weapons | ||
| 260 |
_bSaddle Publishers _c2022 _aDelhi |
||
| 300 | _aviii, 252 | ||
| 650 | _aMilitary Science | ||
| 650 | _aNuclear Warfare | ||
| 650 | _aMilitary Weapons | ||
| 942 | _cBK | ||
| 999 |
_c395446 _d395446 |
||